000 00457nam a2200181Ia 4500
001 2093
005 20260306143817.0
008 260306t2014||||xx |||||||||||||| ||spa||
041 _aESP
082 _a612.8
_bH16
100 _aHaines, Duane E.
_eAUT
245 0 _aPrincipios de neurociencia:
_baplicaciones básicas y clínicas
260 _c2014
300 _axi, 492 páginas :
_c31 cm.
650 _aGEN
654 _aCPS
942 _cLIB
_dJUS
_fJUS
_2ddc
_n
999 _c2093
_d2093